000 01549nam a22003857a 4500
003 CHAP
005 20220329133453.0
008 971013s1993 r 00010 d
010 _a6740
011 _a7712
035 _a6936
040 _cCHAP
082 _a633
_bD5
100 0 0 _aDíaz Franco, Arturo.
_933470
245 _aEnfermedades infecciosas de los cultivos
260 _aMéxico, D.F. :
_bTrillas,
_c1993
300 _a288 p.
_b: ilus
590 _aBATCH-UPD
_b10
_c20130110
_lUCH01
_h1745
590 _aBATCH-UPD
_b10
_c20130410
_lUCH01
_h1123
590 _aBATCH-UPD
_b10
_c20130914
_lUCH01
_h1116
590 _aCONVERSION
_b10
_c20130109
_lUCH01
_h1305
650 1 4 _aCultivos
_xEnfermedades.
_930262
650 1 4 _aCultivos
_xPlagas.
_930305
650 1 4 _aFitopatología.
_941161
901 _aBK
942 _cLIBRO
949 _a633 D5
_bBC
_cLIBRO
_d33724000007837
_eLIBRO
_fc.4
_gI.c/e
_h87976
_i6936
_si
_t55.00
949 _a633 D5
_bBC
_cLIBRO
_d33724000007845
_eLIBRO
_fc.5
_gI.c/e
_h87977
_i6936
_si
_t55.00
949 _a633 D5
_bBC
_cLIBRO
_d33724000007852
_eLIBRO
_fc.6
_gI.c/e
_h87978
_i6936
_si
_t55.00
949 _a633 D5
_bBC
_cLIBRO
_d33724000007878
_eLIBRO
_fc.8
_gI.c/e
_h87980
_i6936
_si
_t55.00
949 _a633 D5
_bBC
_cLIBRO
_d33724000188777
_eLIBRO
_gI. c/e
_h84853
_i6936
_si
_t47.00
949 _a633 D5
_bBC
_cLIBRO
_d33724000188785
_eLIBRO
_fc.3
_gI. c/e
_h84855
_i6936
_si
_t47.00
949 _a633 D5
_bBC
_cLIBRO
_d33724000188793
_eLIBRO
_fc.2
_gI. c/e
_h84854
_i6936
_si
_t47.00
949 _a633 D5
_bBC
_cLIBRO
_d33724000691200
_eLIBRO
_fc.7
_h87979
_i6936
_si
_t55.00
999 _c6740
_d6740